| Answer | % Correct |
|---|---|
| Latin | 100%
|
| Roman | 96%
|
| Roman | 96%
|
| Rome | 96%
|
| Octavian | 79%
|
| • {Octavian} proclaimed Augustus | 79%
|
| Roman Empire | 64%
|
| 15 March 44 BC | 61%
|
| 2 September 31 BC | 57%
|
| 16 January 27 BC | 54%
|
| 27 BC | 54%
|
| • {27 BC} (last) | 54%
|
| 49 BC | 54%
|
| Roman Senate | 54%
|
| 82 BC | 50%
|
| Roman Kingdom | 46%
|
| 509 BC | 43%
|
| 509 BC | 43%
|
| • {509 BC} (first) | 43%
|
| Lucius Junius Brutus | 39%
|
| Marcus Agrippa | 18%
|
| Assemblies | 14%
|
| polytheism | 14%
|
| 338 BC | 11%
|
| Lucius Collatinus | 11%
|
| antiquity | 4%
|
| Classical | 4%
|